01375nam a2200349Ia 4500001001200000003000800012006001900020007001500039008004100054010001700095020003100112020003800143020002600181020002800207020003500235040002100270035002100291050002400312082001400336100003200350245008700382260005400469300002300523504006600546533015200612650005100764650002300815655002900838710001700867856012600884999001501010ebr10698912CaPaEBRm o u cr cn|||||||||060720s2006 njua sb 001 0 eng d z 2006049625 z9789812566942 (alk. paper) z9789812566959 (pbk. : alk. paper) z9789812774088 (ebook) z9812566945 (alk. paper) z9812566953 (pbk. : alk. paper) aCaPaEBRcCaPaEBR a(OCoLC)82469863014aTS171b.D465 2006eb04a745.22221 aUtterback, James M.,d1941-10aDesign-inspired innovationh[electronic resource] /cJames Utterback ... [et al.]. aHackensack, NJ :bWorld Scientiific Pub.,cc2006. axx, 259 p. :bill. aIncludes bibliographical references (p. 239-248) and indexes. aElectronic reproduction.bPalo Alto, Calif. :cebrary,d2013.nAvailable via World Wide Web.nAccess may be limited to ebrary affiliated libraries. 0aEngineering designxTechnological innovations. 0aIndustrial design. 7aElectronic books.2local2 aebrary, Inc.40uhttp://site.ebrary.com/lib/rucke/Doc?id=10698912zAn electronic book accessible through the World Wide Web; click to view c6555d6555